Electronic commerce: framework, technologies and applications (Record no. 153347)

MARC details
000 -LEADER
fixed length control field 00572nam a2200217Ia 4500
003 - CONTROL NUMBER IDENTIFIER
control field OSt
005 - DATE AND TIME OF LATEST TRANSACTION
control field 20220714091739.0
008 - FIXED-LENGTH DATA ELEMENTS--GENERAL INFORMATION
fixed length control field 210210b2014 xxu||||| |||| 00| 0 eng d
020 ## - INTERNATIONAL STANDARD BOOK NUMBER
International Standard Book Number 9781259026843
040 ## - CATALOGING SOURCE
Transcribing agency AL
041 ## - LANGUAGE CODE
Language code of text/sound track or separate title eng
082 ## - DEWEY DECIMAL CLASSIFICATION NUMBER
Classification number 658.054 BHAE
100 ## - MAIN ENTRY--PERSONAL NAME
Personal name BHASKER (Bharat)
9 (RLIN) 48925
245 ## - TITLE STATEMENT
Title Electronic commerce: framework, technologies and applications
250 ## - EDITION STATEMENT
Edition statement 4
260 ## - PUBLICATION, DISTRIBUTION, ETC.
Place of publication, distribution, etc. New Delhi
Name of publisher, distributor, etc. McGraw Hill Education (India) Private Limited
Date of publication, distribution, etc. 2014
300 ## - PHYSICAL DESCRIPTION
Extent xix,519
690 ## - LOCAL SUBJECT ADDED ENTRY--TOPICAL TERM (OCLC, RLIN)
Topical term or geographic name as entry element E-Commerce
9 (RLIN) 48926
906 ## - LOCAL DATA ELEMENT F, LDF (RLIN)
a 069248
942 ## - ADDED ENTRY ELEMENTS (KOHA)
Source of classification or shelving scheme Dewey Decimal Classification
Koha item type Book
Holdings
Withdrawn status Lost status Source of classification or shelving scheme Damaged status Not for loan Collection code Home library Current library Date acquired Source of acquisition Cost, normal purchase price Total Checkouts Full call number Barcode Date last seen Price effective from Koha item type Date last checked out
    Dewey Decimal Classification     Management St Aloysius Library St Aloysius Library 02/17/2021 Biblios Book Point, Surathkal-575014 595.00   658.054 BHAE 069252 02/17/2021 02/17/2021 Book  
    Dewey Decimal Classification     Management St Aloysius Library St Aloysius Library 02/17/2021 Biblios Book Point, Surathkal-575014 595.00   658.054 BHAE 069251 02/17/2021 02/17/2021 Book  
    Dewey Decimal Classification     Management St Aloysius Library St Aloysius Library 02/17/2021 Biblios Book Point, Surathkal-575014 595.00   658.054 BHAE 069250 02/17/2021 02/17/2021 Book  
    Dewey Decimal Classification     Management St Aloysius Library St Aloysius Library 02/17/2021 Biblios Book Point, Surathkal-575014 595.00 1 658.054 BHAE 069249 09/11/2023 02/17/2021 Book 09/09/2023
    Dewey Decimal Classification     Management St Aloysius Library St Aloysius Library 02/17/2021 Biblios Book Point, Surathkal-575014 595.00   658.054 BHAE 069248 02/17/2021 02/17/2021 Book